Giáo trình vật liệu cơ khí

Giáo Trình Vật Liệu Cơ Khí được dùng để giảng dạy Môn học Vật liệu cơ khí của các trường Trung học công nghiệp do Bộ giáo dục và Đào tạo xây dựng, thông qua. Giáo trình gồm 2 phần với 7 chương: Phần 1: Vật liệu học cơ sở; Phần 2: Các...

Ausführliche Beschreibung

Gespeichert in:
Bibliographische Detailangaben
1. Verfasser: Phạm, Đình Sùng
Format: Buch
Sprache:Undetermined
Veröffentlicht: Hà Nội Nxb. Hà Nội 2016
Schlagworte:
Tags: Tag hinzufügen
Keine Tags, Fügen Sie den ersten Tag hinzu!
Thư viện lưu trữ: Trung tâm Học liệu Trường Đại học Cần Thơ
LEADER 01051nam a2200217Ia 4500
001 CTU_227185
008 210402s9999 xx 000 0 und d
020 |c 169000 
082 |a 620.11 
082 |b S513 
100 |a Phạm, Đình Sùng 
245 0 |a Giáo trình vật liệu cơ khí 
245 0 |c Phạm Đình Sùng 
260 |a Hà Nội 
260 |b Nxb. Hà Nội 
260 |c 2016 
520 |a Giáo Trình Vật Liệu Cơ Khí được dùng để giảng dạy Môn học Vật liệu cơ khí của các trường Trung học công nghiệp do Bộ giáo dục và Đào tạo xây dựng, thông qua. Giáo trình gồm 2 phần với 7 chương: Phần 1: Vật liệu học cơ sở; Phần 2: Các loại vật liệu thường dùng trong ngành cơ khí 
650 |a Materials science,Nghiên cứu vật liệu 
904 |i Duy Bằng 
910 |a Tuyến 
980 |a Trung tâm Học liệu Trường Đại học Cần Thơ